Kníhtlačiareň v Skalici a jej štočkový fond

Bibliographic Details
Main Author: Šefčáková, Eva, 1935-2011 (Author)
Format: Article
Language:Slovak
ISBN:8089023193
Subjects:

MARC

LEADER 00000nab a2200000 a 4500
001 vtls000818987
003 SK-MaSNL
005 20260304113257.0
008 250429c2002 xo 0 slo
015 |a SNBRA2002/12-41874 
035 |a CLN000170642 
035 |a urn:nbn:sk:snk-abp6l 
035 |a (urnnbn)urn:nbn:sk:snk:ar-a03oui 
035 |a (uuid)208f8f00-381d-4584-b773-28438a8bd2c8 
040 |a SNKBUCL  |b slo  |c SNKBUCL  |e AACR2 
041 0 |a slo 
044 |a xo  |c SK 
080 |a 655.1(437.6)(091):761  |2 1997 
100 1 |a Šefčáková, Eva,  |d 1935-2011  |4 aut  |9 116018 
245 1 0 |a Kníhtlačiareň v Skalici a jej štočkový fond  |c Eva Šefčáková 
504 |a Res. angl., nem., rus. 
504 |a Bibliogr. odkazy 
650 0 7 |a kníhtlačiarne  |2 snkbucl  |9 34907 
650 0 7 |a drevené štočky  |2 snkbucl  |9 1076937 
651 7 |a Skalica (Slovensko)  |2 snkbucl  |9 25101 
655 7 |a články zo zborníkov  |2 snkbucl  |9 166140 
773 0 |t Kniha 2001-2002  |d Martin : Slovenská národná knižnica, 2002  |g S. 56-66  |z 8089023193 
850 |a Slovenská národná knižnica 
852 |a Slovenská národná knižnica 
954 |a odborná, vedecká literatúra pôvodná (slovenská)  |2 lita 
958 |a article27 
958 |a NB 
958 |a OND 
958 |a EUIPO 
999 |c 2868813  |d 2870743